BIBLIOTHÈQUE DE LA MAISON DU MEXIQUE

Logo 1 Logo 2

Xavier Esqueda (notice nᵒ 607)

détails MARC
000 -Sello discográfico
campo de control de longitud fija 01311nam a2200349 4500
005 - Identificación de versión
campo de control 20251016082325.0
035 ## - Otros números de control del sistema
Número de control del sistema 18671
099 ## - fechas locales
Tipo de ítem Koha LIBRO
100 ## - Datos de procesamiento general
Datos de procesamiento general 19951026d1991 m y1spay5003 ba
101 ## - Idioma del recurso
Idioma del texto, banda sonora, etc. Español; Castellano
-- Inglés
105 ## - Campo de datos codificados: Material textual, monográfico
Datos codificados de monografía a 001zy
200 1# - Título y mención de responsabilidad
Título propio Xavier Esqueda
Designación general del material texto impreso
Otra información del título Imágenes del tiempo y espacio = Images of time and space
Primer mención de responsabilidad Presentación del Museo de Arte Moderno
210 ## - Publicación, distribución, etc.
Lugar de publicación, distribución, etc. México
Nombre del editor, distribuidor, etc. Consejo Nacional para la Cultura y las Artes
-- Instituto Nacional de Bellas Artes
Fecha de publicación, distribución, etc. 1991
215 ## - Descripción física
Designación de material específico y extensión del ítem 61 p
Otras características físicas il., fot.
Dimensiones 30 cm
300 ## - Notas generales
Texto de la nota Catálogo de la exposición realizada del 29 noviembre 1990 al 27 enero 1991 en el Museo de Arte Moderno
300 ## - Notas generales
Texto de la nota Dedicatoria de Teresa del Conde
300 ## - Notas generales
Texto de la nota Edición bilingüe español - inglés
345 ## - Nota de información de adquisición
Fuente de adquisición/dirección de la suscripción [OBSOLETO] Donación del INBA
600 ## - Nombre personal usado como materia
Elemento de entrada Esqueda
Parte del nombre distinta del elemento de entrada Xavier
Fechas 1943-
Subdivisión temática Catálogos
Número Koha 1744
606 ## - Término temático usado como materia
Elemento de entrada Arte moderno
Subdivisión cronológica Siglo XX
Subdivisión geográfica México
Número Koha 1630
606 ## - Término temático usado como materia
Elemento de entrada Pintura mexicana
Subdivisión temática Catálogos
Número Koha 1715
660 ## - Código de área geográfica
Código MX
700 ## - Nombre personal - Responsabilidad primaria
Elemento de entrada Esqueda
Parte del nombre distinta del elemento de entrada Xavier
Fechas 1943-
Número Koha 1745
711 ## - Nombre de entidad corporativa - Responsabilidad alternativa
Elemento de entrada Museo de Arte Moderno
Adición al nombre o calificador México
Número Koha 1104
801 #0 - Fuente de origen
Agencia cm
900 ## -
-- 1/12052
900 ## -
-- 71095963\\\261095
942 ## - ELEMENTOS DE ENTRADA SECUNDARIOS (KOHA)
Tipo de ítem Koha Livre
996 ## -
-- MEX
-- 751145101
-- MMAG
-- 012849
-- 759.972 E77IM
-- 20250404LIV
Exemplaires
Estatus retirado Estado de daño Estado de pérdida Fecha de adquisición Biblioteca de origen Biblioteca actual Ubicación en estantería Código de barras Precio de reemplazo Signatura topográfica completa No para préstamo Tipo de ítem Koha Nota pública Nota no pública
      05/08/2025 Casa México Paris Casa México Paris   012849 05/08/2025 759.972 E77IM   Livre 20250404LIV 751145101